Δεοντολογία της έρευνας και πρακτικής στην ψυχολογία

Αποθηκεύτηκε σε:
Λεπτομέρειες βιβλιογραφικής εγγραφής
Κύριος συγγραφέας: Wadeley, Alison
Άλλοι συγγραφείς: Βελλή, Θεώνη (edtf), Πετρουλάκη, Κυριακή (trlf)
Μορφή: Βιβλίο
Γλώσσα:Greek
English
Δημοσίευση: Αθήνα : Ελληνικά Γράμματα, 1995.
Έκδοση:2η εκδ.
Σειρά:Πειραματικός σχεδιασμός και μέθοδοι έρευνας
Θέματα:
Ετικέτες: Προσθήκη ετικέτας
Δεν υπάρχουν, Καταχωρήστε ετικέτα πρώτοι!

MARC

LEADER 00000cam a2200000 i 4500
001 1/90077
008 980410s1995 gr | ||| |||| ||gre||
020 |a 9603440574 
035 |a 1997  |b 3  |c Πολεμικός  |l 10035904 
040 |a GR-MY-UA  |b gre  |e aacr 
041 1 |a gre  |h eng 
082 7 |a 174.915   |2 (22) 
100 1 |a Wadeley, Alison. 
245 1 0 |a Δεοντολογία της έρευνας και πρακτικής στην ψυχολογία /   |c Alison Wadeley ; επιμέλεια: Θεώνη Βελλή ; μετάφραση: Κυριακή Πετρουλάκη. 
250 |a 2η εκδ. 
260 |a Αθήνα :   |b Ελληνικά Γράμματα,   |c 1995.  
300 |a 56 σ. 
490 1 |a (Πειραματικός σχεδιασμός και μέθοδοι έρευνας) 
500 |a Τίτλος πρωτοτύπου: Ethics in psychological research and practice.  
650 0 0 |a Psychologists  |x Ethics. 
650 0 0 |a Psychology  |x Moral and ethical aspects. 
700 1 |a Βελλή, Θεώνη,  |e edtf 
700 1 |a Πετρουλάκη, Κυριακή,  |e trlf 
830 0 |a Πειραματικός σχεδιασμός και μέθοδοι έρευνας 
852 |a INST  |b RHODES  |e 19980410  |h 174.915 WAD  |p 005400010756  |q 005400010756  |t BK  |y 0 
901 |a BIBL-1998-1 
909 |a Ρ  |b 051804 
970 |z 10/04/1998